Geograficzne statystyki – wzrost czy spadek? - Statystyki

Ogólne statystyki
  • Ten quiz został rozwiązany 3 348 razy
  • Średni wynik to 11 z 15
Statystyki odpowiedzi
Zagadnienie Odpowiedź % Poprawnych
Globalny wskaźnik otyłości Wzrósł
93%
Globalna populacja Wzrosła
89%
Odsetek osób mieszkających w Niemczech, które urodziły się w innym państwie Wzrósł
88%
Średnia długość życia w Afryce Wzrosła
87%
Dwutlenek węgla w atmosferze Wzrósł
86%
Wskaźnik zgonów spowodowanych przedawkowaniem narkotyków w USA Wzrósł
86%
Dług publiczny USA jako procent PKB Wzrósł
84%
Wskaźnik urodzeń wśród nastolatków w Polsce Spadł
82%
Roczna liczba zgonów na świecie z powodu AIDS Spadła
77%
Wskaźnik palenia wśród dorosłych w Polsce Spadł
72%
Populacja Japonii Spadła
68%
Emisja CO2 w Unii Europejskiej na mieszkańca Spadła
64%
Liczba broni nuklearnej na świecie Spadła
30%
Globalna produkcja węgla Wzrósła
30%
Zanieczyszczenie powietrza w Los Angeles Spadło
23%
Nie znaleziono quizów pasujących do podanych kryteriów
Rozkład punktacji
Procent ludzi z każdym wynikiem
Percentyl według liczby udzielonych odpowiedzi
Twoja historia wyników
Nie rozwiązałeś tego quizu